| 000 | 00000nam##2200000za#4500 |
| 001 | 9.641839 |
| 003 | CaOODSP |
| 005 | 20210624223418 |
| 007 | cr ||||||||||| |
| 008 | 150407|1995||||xxc|||||o f|0| 0 fre|d |
| 040 | |aCaOODSP|bfre |
| 043 | |an-cn--- |
| 086 | 1 |aRH64-47/1995F-PDF |
| 110 | 1 |aCanada.|bDéveloppement des ressources humaines Canada. |bPolitique stratégique. |
| 245 | 10|aExpérience des États-Unis relativement à la rationalisation et à l'intégration des systèmes de prestation de l'assurance-chômage : |h[ressource électronique]|bsynthèse d'évaluation / |cpar Marilyn Knock. |
| 260 | |aOttawa - Ontario : |bDéveloppement des ressources humaines Canada. |c23 mai 1995. |
| 300 | |a26p.|btableau |
| 590 | |a13-12-Supp|b2013-05-10 |
| 691 | 07|aAssurance-emploi|2gcpds |
| 775 | 08|tThe U.S. experience with streamlining and integrating UI delivery networks : |w(CaOODSP)9.697837 |
| 856 | 40|ahttp://publications.gc.ca|qPDF|s108 Ko|uhttps://publications.gc.ca/collections/collection_2013/rhdcc-hrsdc/RH64-47-1995-fra.pdf |